00918nam a2200205 a 450000500170000000800410001702000180005805000230007610000230009924500970012226000350021930000170025444000250027150001970029652000350049365000270052865000240055599900190057995201140059820140412111302.0001116s19uu xx 00 eng d a0-688-15298-0 aM 398.21bH11 1994 aHaviland, Virginia aFavorite fairy tales told in France /cVirginia Haviland ; illustrated by Catherine O'Neill. aNew York :bBeech Tree,c1994. a95 P. ; ill. aFavorite Fairy tales aPresent five tales: The beem the harp, the mouse, and the bum clock; The old hag's long leather bag; Billy Beg and the bull; the widow's lazy daughter; and Patrick O'Donnell and the leprechum. aRetold from Irish storytellers aFairy tales -- Ireland aFolklore -- Ireland c103468d103468 00104050aELbELcMd2000-11-16eDonationl0oM 398.21 H11 1994pE4928r2014-04-12 00:00:00w2014-04-12yBK